000
00204 a2200097 4500
001
47159
100
_a
Monks, N
245
_a
Eye Witness
260
_a
London
_b
Frederick Muller
_c
090
_c
30215
_d
30215
942
_a
NUST-CAE
_c
M
_c
22465
999
_c
282232
_d
282232